[Event "Copenhagen-ch Obro 70th"]
[Site "Copenhagen"]
[Date "2006.10.22"]
[Round "9"]
[White "Skjoldan, Benjamin"]
[Black "Kaaber Hansen, Jacob"]
[Result "1-0"]
[WhiteElo "2188"]
[BlackElo "2143"]
[PlyCount "67"]
[EventDate "2006.10.14"]
[EventType "swiss"]
[EventRounds "9"]
[EventCountry "DEN"]
[SourceTitle "EXT 2007"]
[Source "ChessBase"]
[SourceDate "2006.11.23"]
[SourceVersion "1"]
[SourceVersionDate "2006.11.23"]
[SourceQuality "1"]

1. d4 Nf6 2. Nf3 e6 3. g3 b6 4. c4 Ba6 5. b3 Bb4+ 6. Bd2 Be7 7. Bg2 c6 8. 0-0 d5 9. Qc2 0-0 10. Rd1 Nbd7 11. a4 Bb7 12. Nc3 c5 13. cxd5 Nxd5 14. Nxd5 Bxd5 15. e4 Bb7 16. Be3 Rc8 17. d5 exd5 18. exd5 Bd6 19. Nd2 Re8 20. Nc4 Bb8 21. Bh3 g6 22. Bg2 f5 23. Bc1 Ne5 24. f4 Nxc4 25. bxc4 Bd6 26. Bb2 Qe7 27. Rd3 h5 28. Qc3 Kh7 29. Kh1 Qf7 30. Bf3 Re7 31. Re1 Rxe1+ 32. Qxe1 Re8 33. Qc3 Qe7 34. Re3 1-0

[Event "Copenhagen-ch Obro 70th"]
[Site "Copenhagen"]
[Date "2006.10.21"]
[Round "8"]
[White "Skovgaard, Peter"]
[Black "Skjoldan, Benjamin"]
[Result "1-0"]
[WhiteElo "2230"]
[BlackElo "2188"]
[PlyCount "59"]
[EventDate "2006.10.14"]
[EventType "swiss"]
[EventRounds "9"]
[EventCountry "DEN"]
[SourceTitle "EXT 2007"]
[Source "ChessBase"]
[SourceDate "2006.11.23"]
[SourceVersion "1"]
[SourceVersionDate "2006.11.23"]
[SourceQuality "1"]

1. e4 e5 2. Nf3 Nf6 3. Nxe5 d6 4. Nf3 Nxe4 5. c4 Be7 6. d3 Nf6 7. Nc3 0-0 8. d4 d5 9. c5 b6 10. cxb6 axb6 11. Bd3 Ba6 12. 0-0 c5 13. Bg5 h6 14. Bh4 Nc6 15. Re1 Bxd3 16. Qxd3 c4 17. Qe2 Ra7 18. Ne5 Nxd4 19. Qd1 Bc5 20. Ng4 Qd6 21. Bxf6 gxf6 22. Nxh6+ Kh7 23. Qh5 Kg7 24. Nb5 Qf4 25. Nxd4 Bxd4 26. Nf5+ Kg8 27. Nxd4 Rfa8 28. Nc6 Rxa2 29. Rxa2 Rxa2 30. Re8+ 1-0

[Event "Copenhagen-ch Obro 70th"]
[Site "Copenhagen"]
[Date "2006.10.18"]
[Round "5"]
[White "Hvenekilde, Jorgen"]
[Black "Skjoldan, Benjamin"]
[Result "1-0"]
[WhiteElo "2187"]
[BlackElo "2188"]
[PlyCount "75"]
[EventDate "2006.10.14"]
[EventType "swiss"]
[EventRounds "9"]
[EventCountry "DEN"]
[SourceTitle "EXT 2007"]
[Source "ChessBase"]
[SourceDate "2006.11.23"]
[SourceVersion "1"]
[SourceVersionDate "2006.11.23"]
[SourceQuality "1"]

1. d4 d5 2. c4 e6 3. Nc3 Be7 4. Nf3 Nf6 5. Bg5 0-0 6. e3 h6 7. Bh4 b6 8. cxd5 exd5 9. Bd3 c5 10. Rc1 Re8 11. 0-0 Bb7 12. Bb1 Nbd7 13. h3 Nf8 14. Ne5 a6 15. Qf3 c4 16. Nxc4 Ne4 17. Bxe7 Rxe7 18. Bxe4 dxe4 19. Qg3 Rd7 20. Nd2 f5 21. Ne2 Bd5 22. b3 g5 23. Nc4 Rc8 24. Ne5 Rdc7 25. h4 Rg7 26. Rxc8 Qxc8 27. Rc1 Qe8 28. Nc3 Bb7 29. Qh3 f4 30. Qf5 f3 31. Nxe4 Bxe4 32. Qxe4 fxg2 33. Kxg2 gxh4+ 34. Kh2 Ne6 35. Rg1 Ng5 36. Qd5+ Kh8 37. Rg4 Qh5 38. f4 1-0

[Event "Rilton Cup 35th"]
[Site "Stockholm"]
[Date "2005.12.27"]
[Round "1"]
[White "Hillarp Persson, Tiger"]
[Black "Skjoldan, Benjamin"]
[Result "1/2-1/2"]
[WhiteElo "2534"]
[BlackElo "2149"]
[PlyCount "93"]
[EventDate "2005.12.27"]
[EventType "swiss"]
[EventRounds "9"]
[EventCountry "SWE"]
[SourceTitle "CBM 110 Extra"]
[Source "ChessBase"]
[SourceDate "2006.03.10"]
[SourceVersion "2"]
[SourceVersionDate "2006.03.10"]
[SourceQuality "1"]

1. d4 d5 2. c4 e6 3. Nc3 Be7 4. cxd5 exd5 5. Bf4 c6 6. e3 Bf5 7. g4 Bg6 8. h4 h6 9. Nge2 Nd7 10. Bg3 Ngf6 11. Nf4 Bh7 12. f3 Bd6 13. g5 Ng8 14. Kf2 Ne7 15. Bh3 Nf5 16. Bxf5 Bxf5 17. Nh5 Bxg3+ 18. Nxg3 Be6 19. f4 g6 20. Rc1 Qb6 21. Na4 Qa5 22. Qc2 hxg5 23. hxg5 0-0-0 24. a3 Nb6 25. Nc5 Nc4 26. a4 Rde8 27. Nxe6 Rxh1 28. Rxh1 Rxe6 29. Re1 Re8 30. b3 Qd2+ 31. Qxd2 Nxd2 32. b4 Rh8 33. Kg2 Kd7 34. Re2 Nb1 35. Rc2 Na3 36. Re2 Nb1 37. Rc2 Na3 38. Rc3 Nc4 39. b5 cxb5 40. axb5 a5 41. bxa6 bxa6 42. e4 Kc6 43. Nf1 Kd6 44. e5+ Ke6 45. Ne3 Rc8 46. Kg3 a5 47. f5+ 1/2-1/2

[Event "EU-ch U16"]
[Site "Herceg Novi"]
[Date "2005.09.15"]
[Round "2"]
[White "Lintchevski, Daniil"]
[Black "Skjoldan, Benjamin"]
[Result "1-0"]
[WhiteElo "2332"]
[BlackElo "2147"]
[PlyCount "77"]
[EventDate "2005.09.14"]
[EventType "swiss"]
[EventRounds "9"]
[EventCountry "YUG"]
[SourceTitle "CBM 108 Extra"]
[Source "ChessBase"]
[SourceDate "2005.11.04"]
[SourceVersion "1"]
[SourceVersionDate "2005.11.04"]
[SourceQuality "1"]

1. e4 e5 2. Nf3 Nf6 3. Nxe5 d6 4. Nf3 Nxe4 5. Nc3 Nxc3 6. dxc3 Be7 7. Bf4 Nc6 8. Qd2 Be6 9. 0-0-0 Qd7 10. Kb1 a6 11. Bd3 0-0-0 12. Rhe1 Kb8 13. h3 h6 14. Bf1 Rhe8 15. Nd4 Nxd4 16. cxd4 d5 17. Re3 g5 18. Bh2 Bd6 19. Bxd6 Qxd6 20. Rde1 Bd7 21. g3 Rxe3 22. Rxe3 Re8 23. Rxe8+ Bxe8 24. Qe3 Bd7 25. Bg2 Be6 26. a3 a5 27. f4 gxf4 28. gxf4 Qd8 29. Qe5 Qg8 30. Bxd5 Bxh3 31. f5 Bg4 32. f6 Kc8 33. Qe7 Bh5 34. Be4 Kb8 35. Ka2 a4 36. d5 Bg6 37. d6 Bxe4 38. Qxc7+ Ka7 39. Qa5+ 1-0

[Event "Politiken Cup 27th"]
[Site "Copenhagen"]
[Date "2005.07.23"]
[Round "9"]
[White "Skjoldan, Benjamin"]
[Black "Tjomsland, Stig"]
[Result "0-1"]
[WhiteElo "2147"]
[BlackElo "2257"]
[PlyCount "28"]
[EventDate "2005.07.16"]
[EventType "swiss"]
[EventRounds "10"]
[EventCountry "DEN"]
[SourceTitle "CBM 107 Extra"]
[Source "ChessBase"]
[SourceDate "2005.09.01"]
[SourceVersion "1"]
[SourceVersionDate "2005.09.01"]
[SourceQuality "1"]

1. d4 Nf6 2. c4 c5 3. Nf3 g6 4. g3 Bg7 5. Bg2 0-0 6. 0-0 d6 7. Nc3 Nbd7 8. e4 cxd4 9. Nxd4 Nc5 10. b3 Ng4 11. Bb2 Ne5 12. Nce2 Qb6 13. h3 Nxc4 14. bxc4 Qxb2 0-1

[Event "Politiken Cup 27th"]
[Site "Copenhagen"]
[Date "2005.07.21"]
[Round "7"]
[White "Skjoldan, Benjamin"]
[Black "Vikulov, Alexander Sergeevic"]
[Result "1-0"]
[WhiteElo "2147"]
[BlackElo "2333"]
[PlyCount "97"]
[EventDate "2005.07.16"]
[EventType "swiss"]
[EventRounds "10"]
[EventCountry "DEN"]
[SourceTitle "CBM 107 Extra"]
[Source "ChessBase"]
[SourceDate "2005.09.01"]
[SourceVersion "1"]
[SourceVersionDate "2005.09.01"]
[SourceQuality "1"]

1. d4 Nf6 2. Nf3 e6 3. c4 d5 4. g3 Bb4+ 5. Bd2 Be7 6. Bg2 0-0 7. 0-0 c6 8. Qc2 b6 9. b3 Ba6 10. Rd1 Nbd7 11. a4 Rc8 12. a5 c5 13. axb6 Qxb6 14. Qa2 Bb7 15. b4 cxb4 16. c5 Qb5 17. Bf1 b3 18. Qb2 Ra8 19. Nc3 Qc6 20. Qxb3 Ba6 21. Qa4 Qxa4 22. Rxa4 Bc4 23. Rda1 a6 24. e3 Bxf1 25. Kxf1 Nb8 26. Nb5 Rc8 27. Ne5 Ne8 28. Nd3 Nc7 29. Nxc7 Rxc7 30. Ba5 Rb7 31. Bb6 Kf8 32. f3 Ke8 33. e4 dxe4 34. fxe4 Bf6 35. Rc1 Nd7 36. Ba5 Rb3 37. Ke2 Bg5 38. Rc2 Rc8 39. d5 exd5 40. exd5 Nf6 41. Rd4 Rb5 42. Be1 Kd8 43. d6 Nd7 44. c6 Bf6 45. Ra4 Ne5 46. Nxe5 Rxe5+ 47. Kf1 Rf5+ 48. Kg2 Ra8 49. Ba5+ 1-0

[Event "DEN-ch cand"]
[Site "Koge"]
[Date "2005.03.27"]
[Round "6"]
[White "Ostergaard, Jens"]
[Black "Skjoldan, Benjamin"]
[Result "1/2-1/2"]
[WhiteElo "2327"]
[BlackElo "2114"]
[PlyCount "105"]
[EventDate "2005.03.22"]
[EventType "swiss"]
[EventRounds "7"]
[EventCountry "DEN"]
[SourceTitle "EXT 2018"]
[Source "ChessBase"]
[SourceDate "2017.10.13"]
[SourceVersion "1"]
[SourceVersionDate "2017.10.13"]
[SourceQuality "1"]

1. d4 d5 2. Nf3 e6 3. c4 Nf6 4. Nc3 Be7 5. Bg5 0-0 6. e3 h6 7. Bxf6 Bxf6 8. Rc1 c6 9. Bd3 b6 10. 0-0 Bb7 11. Qe2 Re8 12. Rfd1 Nd7 13. e4 e5 14. cxd5 exd4 15. dxc6 Bxc6 16. Bb5 Bxb5 17. Nxb5 Nc5 18. e5 d3 19. Qe3 a5 20. Nd6 Re6 21. Ne4 Nxe4 22. Qxe4 Rc8 23. Rxc8 Qxc8 24. Qf5 Qc2 25. Rf1 Qc5 26. Qxd3 Bxe5 27. b3 Bf6 28. h3 g6 29. Qd2 Kg7 30. Rc1 Qe7 31. Kf1 Rd6 32. Qe2 Qd8 33. Kg1 Re6 34. Qc4 Qe7 35. Kf1 Qa3 36. Qc2 b5 37. Re1 Rd6 38. g4 Rd8 39. h4 Rd5 40. g5 hxg5 41. hxg5 Bxg5 42. Nxg5 Rxg5 43. Qc3+ f6 44. Qc7+ Kh6 45. Re7 Rg4 46. f4 g5 47. fxg5+ Rxg5 48. Rh7+ Kg6 49. Rg7+ Kh6 50. Rh7+ Kg6 51. Qf7+ Kf5 52. Qd7+ Kg6 53. Rg7+ 1/2-1/2

[Event "Copenhagen Chess Challenge"]
[Site "Taastrup"]
[Date "2005.??.??"]
[Round "1"]
[White "Bromann, Thorbjorn"]
[Black "Skjoldan, Benjamin"]
[Result "1-0"]
[WhiteElo "2369"]
[BlackElo "2114"]
[PlyCount "59"]
[EventDate "2005.04.20"]
[EventType "swiss"]
[EventRounds "9"]
[EventCountry "DEN"]
[SourceTitle "EXT 2018"]
[Source "ChessBase"]
[SourceDate "2017.10.13"]
[SourceVersion "1"]
[SourceVersionDate "2017.10.13"]
[SourceQuality "1"]

1. d4 d5 2. Nc3 Nf6 3. Bg5 e6 4. e4 dxe4 5. Nxe4 Be7 6. Bxf6 Bxf6 7. Nf3 b6 8. c3 0-0 9. Bd3 Ba6 10. Nxf6+ Qxf6 11. Be4 c6 12. Ne5 Rc8 13. Qc2 Qh6 14. h4 f6 15. Ng4 Qh5 16. Ne3 Nd7 17. g4 Qh6 18. Qb3 Nf8 19. Qa3 Bb7 20. g5 Qh5 21. gxf6 gxf6 22. Rg1+ Kf7 23. Nc4 Rd8 24. Nd6+ Rxd6 25. Qxd6 Rc8 26. Qg3 Ba6 27. Bf3 Qb5 28. 0-0-0 Qa5 29. Qg7+ Ke8 30. Qxf6 1-0

[Event "Copenhagen Chess Challenge"]
[Site "Taastrup"]
[Date "2005.??.??"]
[Round "8"]
[White "Hoi, Carsten"]
[Black "Skjoldan, Benjamin"]
[Result "1/2-1/2"]
[WhiteElo "2387"]
[BlackElo "2114"]
[PlyCount "70"]
[EventDate "2005.04.20"]
[EventType "swiss"]
[EventRounds "9"]
[EventCountry "DEN"]
[SourceTitle "EXT 2018"]
[Source "ChessBase"]
[SourceDate "2017.10.13"]
[SourceVersion "1"]
[SourceVersionDate "2017.10.13"]
[SourceQuality "1"]

1. d4 d5 2. Nf3 Nf6 3. c4 e6 4. Nc3 Be7 5. Bg5 0-0 6. e3 h6 7. Bh4 b6 8. Bd3 Bb7 9. 0-0 Nbd7 10. Qe2 c5 11. Rfd1 Ne4 12. Bg3 Nxg3 13. hxg3 cxd4 14. exd4 dxc4 15. Bxc4 Nf6 16. Ne5 Rc8 17. Rac1 Nd5 18. Ba6 Nxc3 19. bxc3 Bxa6 20. Qxa6 Qc7 21. c4 Rfd8 22. Qb5 Bf6 23. Nf3 Qd7 24. Qb3 Qc6 25. a4 Qe4 26. Qe3 Qc6 27. a5 Qa4 28. axb6 axb6 29. Qe2 Rd7 30. Qc2 Qxc2 31. Rxc2 Rcd8 32. Kf1 Rd6 33. Rb1 Rc8 34. Rd1 Rcd8 35. Rcd2 Rc8 1/2-1/2

[Event "Skovlunde Botvinnik EMT Gr1"]
[Site "Skovlunde"]
[Date "2004.10.18"]
[Round "4"]
[White "Schou Moldt, Thomas"]
[Black "Skjoldan, Benjamin"]
[Result "0-1"]
[WhiteElo "2248"]
[BlackElo "2080"]
[PlyCount "90"]
[EventDate "2004.09.06"]
[EventType "tourn"]
[EventRounds "7"]
[EventCountry "DEN"]
[SourceTitle "EXT 2018"]
[Source "ChessBase"]
[SourceDate "2017.10.13"]
[SourceVersion "1"]
[SourceVersionDate "2017.10.13"]
[SourceQuality "1"]

1. e4 c5 2. Nf3 e6 3. c3 Nf6 4. e5 Nd5 5. d4 cxd4 6. cxd4 d6 7. a3 Bd7 8. Bd3 Bc6 9. 0-0 Nd7 10. Qe2 Be7 11. Bd2 Rc8 12. Nc3 dxe5 13. dxe5 Nxc3 14. Bxc3 a6 15. Rad1 Qc7 16. Rfe1 Nc5 17. Nd4 Nxd3 18. Rxd3 Bd5 19. Qg4 g6 20. Rh3 h5 21. Qd1 b5 22. Qd2 Qb7 23. f4 Qa7 24. Kh1 Rd8 25. Rd1 Bc5 26. Nc6 Bxg2+ 27. Kxg2 Rxd2+ 28. Rxd2 Qc7 29. Rd8+ Qxd8 30. Nxd8 Kxd8 31. Rd3+ Ke7 32. Be1 Rc8 33. Rc3 Kd7 34. Rd3+ Kc6 35. Rc3 Kb7 36. Rd3 Bb6 37. Bc3 a5 38. Kh3 Rd8 39. Rxd8 Bxd8 40. Kg3 Kc6 41. Kf3 Kd5 42. Ke3 Kc4 43. Bd4 a4 44. Bc3 Bb6+ 45. Ke4 Bc5 0-1

[Event "Gausdal op"]
[Site "Gausdal"]
[Date "2004.10.03"]
[Round "10"]
[White "Skjoldan, Benjamin"]
[Black "Pedersen, Oyvind"]
[Result "1-0"]
[WhiteElo "2080"]
[BlackElo "2111"]
[PlyCount "57"]
[EventDate "2004.09.??"]
[EventType "swiss"]
[EventRounds "10"]
[EventCountry "NOR"]
[SourceTitle "CBM 102 Extra"]
[Source "ChessBase"]
[SourceDate "2004.11.03"]
[SourceVersion "1"]
[SourceVersionDate "2004.11.03"]
[SourceQuality "1"]

1. d4 Nf6 2. Nf3 c5 3. d5 d6 4. Nc3 g6 5. e4 Bg7 6. Bd3 a6 7. a4 b6 8. 0-0 0-0 9. Nd2 e6 10. Nc4 Qc7 11. Bf4 e5 12. Bg5 Ne8 13. f4 f6 14. fxe5 fxg5 15. Rxf8+ Kxf8 16. e6 Nc6 17. Qf3+ Kg8 18. dxc6 Bxc3 19. Qf7+ Qxf7 20. exf7+ Kxf7 21. bxc3 Rb8 22. Ne3 Nc7 23. Nd5 Ne6 24. c7 Ra8 25. Nxb6 Nxc7 26. Nxa8 Nxa8 27. Rb1 Nc7 28. Rb8 Bd7 29. Rb7 1-0

[Event "Skovlunde Botvinnik EMT Gr1"]
[Site "Skovlunde"]
[Date "2004.09.13"]
[Round "2"]
[White "Petersen, Steen Brustrup"]
[Black "Skjoldan, Benjamin"]
[Result "1/2-1/2"]
[WhiteElo "2203"]
[BlackElo "2080"]
[PlyCount "51"]
[EventDate "2004.09.06"]
[EventType "tourn"]
[EventRounds "7"]
[EventCountry "DEN"]
[SourceTitle "EXT 2018"]
[Source "ChessBase"]
[SourceDate "2017.10.13"]
[SourceVersion "1"]
[SourceVersionDate "2017.10.13"]
[SourceQuality "1"]

1. e4 c5 2. Nf3 e6 3. d4 cxd4 4. Nxd4 a6 5. Bd3 Bc5 6. Nb3 Be7 7. Nc3 d6 8. Qe2 Qc7 9. f4 Nd7 10. 0-0 b6 11. Be3 Bb7 12. f5 e5 13. a4 Ngf6 14. Nd2 Nc5 15. Rac1 h5 16. b4 Ncd7 17. Nc4 d5 18. Nxd5 Nxd5 19. exd5 Bxd5 20. Bd2 e4 21. Ne3 exd3 22. Nxd5 dxe2 23. Nxc7+ Kd8 24. Nxa8 exf1Q+ 25. Kxf1 Kc8 26. a5 1/2-1/2

[Event "Politiken Cup 26th"]
[Site "Copenhagen"]
[Date "2004.07.31"]
[Round "9"]
[White "Skjoldan, Benjamin"]
[Black "Greiff, Hakan"]
[Result "1/2-1/2"]
[WhiteElo "2080"]
[BlackElo "2253"]
[PlyCount "63"]
[EventDate "2004.07.24"]
[EventType "swiss"]
[EventRounds "10"]
[EventCountry "DEN"]
[SourceTitle "CBM 101 Extra"]
[Source "ChessBase"]
[SourceDate "2004.09.01"]
[SourceVersion "2"]
[SourceVersionDate "2004.09.01"]
[SourceQuality "1"]

1. d4 d5 2. c4 e6 3. g3 Nf6 4. Bg2 Be7 5. Nf3 0-0 6. 0-0 dxc4 7. Qc2 a6 8. a4 c5 9. dxc5 Nc6 10. Qxc4 Qa5 11. Na3 e5 12. Bd2 Qxc5 13. Rfc1 Qd6 14. Qc2 e4 15. Ng5 Nd4 16. Qd1 Bg4 17. f3 Be6 18. Bf4 Qb6 19. a5 Qa7 20. Kh1 Bb3 21. Qf1 Ne6 22. Nxe6 Bxe6 23. Nc4 Bxc4 24. Rxc4 Rac8 25. Rac1 Qa8 26. fxe4 Rxc4 27. Rxc4 Rc8 28. Bc7 Ne8 29. Qc1 Rxc7 30. Rxc7 Nxc7 31. Qxc7 Qd8 32. Qxd8+ 1/2-1/2

[Event "Politiken Cup 26th"]
[Site "Copenhagen"]
[Date "2004.07.26"]
[Round "4"]
[White "Richards, Heather"]
[Black "Skjoldan, Benjamin"]
[Result "1-0"]
[WhiteElo "2219"]
[BlackElo "2080"]
[PlyCount "63"]
[EventDate "2004.07.24"]
[EventType "swiss"]
[EventRounds "10"]
[EventCountry "DEN"]
[SourceTitle "CBM 101 Extra"]
[Source "ChessBase"]
[SourceDate "2004.09.01"]
[SourceVersion "2"]
[SourceVersionDate "2004.09.01"]
[SourceQuality "1"]

1. e4 c5 2. c3 Nf6 3. e5 Nd5 4. Nf3 e6 5. d4 cxd4 6. cxd4 d6 7. a3 Nc6 8. Bd3 Qc7 9. 0-0 Be7 10. Qe2 a6 11. Bd2 b5 12. Nc3 Nxc3 13. Bxc3 Bb7 14. Rac1 0-0 15. Qe4 g6 16. Qg4 Rfd8 17. Bb1 Rac8 18. h4 Bf8 19. h5 Bg7 20. hxg6 hxg6 21. d5 exd5 22. e6 Bxc3 23. exf7+ Qxf7 24. Bxg6 Qd7 25. Bf5+ Qg7 26. Rxc3 Qxg4 27. Bxg4 Rb8 28. Be6+ Kg7 29. Bxd5 Ne7 30. Bxb7 Rxb7 31. Nd4 b4 32. Ne6+ 1-0

[Event "Politiken Cup 26th"]
[Site "Copenhagen"]
[Date "2004.07.25"]
[Round "2"]
[White "Prakken, Gerrit"]
[Black "Skjoldan, Benjamin"]
[Result "1/2-1/2"]
[WhiteElo "2265"]
[BlackElo "2080"]
[PlyCount "44"]
[EventDate "2004.07.24"]
[EventType "swiss"]
[EventRounds "10"]
[EventCountry "DEN"]
[SourceTitle "CBM 101 Extra"]
[Source "ChessBase"]
[SourceDate "2004.09.01"]
[SourceVersion "2"]
[SourceVersionDate "2004.09.01"]
[SourceQuality "1"]

1. d4 g6 2. Nf3 Bg7 3. c4 d6 4. Nc3 Nf6 5. g3 0-0 6. Bg2 Nbd7 7. 0-0 e5 8. e4 c6 9. Rb1 Qe7 10. Re1 a5 11. h3 Nb6 12. b3 Nfd7 13. Be3 a4 14. Qc2 f5 15. dxe5 dxe5 16. exf5 gxf5 17. Rbd1 axb3 18. axb3 Qb4 19. Bd2 Qa3 20. Bc1 Qb4 21. Bd2 Qa3 22. Bc1 Qb4 1/2-1/2

[Event "Politiken Cup 26th"]
[Site "Copenhagen"]
[Date "2004.07.25"]
[Round "3"]
[White "Skjoldan, Benjamin"]
[Black "Hartvig, Ove Weiss"]
[Result "1/2-1/2"]
[WhiteElo "2080"]
[BlackElo "2270"]
[PlyCount "64"]
[EventDate "2004.07.24"]
[EventType "swiss"]
[EventRounds "10"]
[EventCountry "DEN"]
[SourceTitle "CBM 101 Extra"]
[Source "ChessBase"]
[SourceDate "2004.09.01"]
[SourceVersion "2"]
[SourceVersionDate "2004.09.01"]
[SourceQuality "1"]

1. d4 Nf6 2. Nf3 c5 3. g3 cxd4 4. Nxd4 e5 5. Nb5 d5 6. Nd2 Bc5 7. c4 0-0 8. Nb3 Bb6 9. cxd5 Nxd5 10. Bg2 Be6 11. 0-0 Nc6 12. Bd2 Qe7 13. e3 Rfd8 14. Qe2 Rd7 15. Na3 Rad8 16. Nc4 Bc7 17. Nba5 Nxa5 18. Bxa5 b6 19. Bd2 Nf4 20. exf4 Bxc4 21. Qxc4 Rxd2 22. Rac1 Bd6 23. fxe5 Qxe5 24. Rc2 Bc5 25. Rxd2 Rxd2 26. b4 Qd4 27. Qa6 Bxb4 28. Qxa7 g6 29. a4 Bc5 30. Qa8+ Kg7 31. Qe4 Qb2 32. Qf4 Qd4 1/2-1/2